000 002510000a22000970004500
100 1 _aMüller, Karl
245 1 0 _aThe legacy of Friedrich Schawager
300 _aVol. 18, Núm 3 (1994), Páginas 125-130
773 0 _tInternational Bulletin
942 _cANA
999 _c57469
_d57469